Statistics for Name the Wrestler #1

Click here to take the quiz!

General Stats

  • This quiz has been taken 105 times
  • The average score is 11 of 15

Answer Stats

ClueChampionship HeldAnswer% Correct
This big, muscled, ginger haired grappler made history as the first ever Irish-born World champion. Beware the Brogue Kick, Fella!WWE ChampionshipSheamus
91%
A third generation wrestler who goes by nicknames like the Viper and the Apex Predator. His finisher can come OUTTA NOWHERE!WWE ChampionshipRandy Orton
90%
We first saw him ECW and later WCW in the 90's, but it wasn't until the early 2000's that he turned up the Latino Heat in WWE's main event.WWE World HeavyweightEddie Guerrero
87%
This face-painted wrestler was hugely popular in the 90's, both for his bleach blonde, spike-top hair persona, and his darker, long-haired phase inspired by The Crow.WCW World HeavyweightSting
87%
The Samoan star who rose to fame as the big, burly muscle in the Shield stable. Has since gone on to be the Head of the Table and one of WWE's most enduring champions.WWE ChampionshipRoman Reigns
85%
During the 80's, this kilt-wearing wrestler with a fiery temper was one of the most popular in the world. He even made the leap to the big screen!WWF Intercontinental"Rowdy" Roddy Piper
82%
A star in RoH and later New Japan (with the Bullet Club). Between then, he was a TNA/Impact Grand Slam Champion. At 2016's Royal Rumble, he made his "Phenomenal" debut for the WWE.WWE World Heavyweight"The Phenomenal" AJ Styles
82%
This Canadian wrestler continues on the traditions of her wrestling family dynasty, making unlucky ladies tap out to her uncles' patented Sharpshooter leglock.WWE Divas ChampionshipNatalya Neidhart
81%
The founding father of TNA/Impact. In the Mid-90's WWE he was a Nashville country singer. He dropped the singing, but kept the acoustic guitar on hand for later runs in WWE, WCW, and TNA.TNA World Heavyweight"Double J" Jeff Jarrett
75%
The last ever original ECW World Champion, this Detroit wrestler made a mark there and in the WWE with the GORE! GORE! GORE!ECW World HeavyweightRhyno
73%
A longtime New Japan mainstay known for his hard-hitting style and all-out matches. WWE brought him stateside, leading to a Royal Rumble win in 2018.IWGP HeavyweightShinsuke Nakamura
71%
One of the UFC's first stars who made the move to the WWF in the 90's, where this "World's Most Dangerous Man" became known for his deadly ankle lock submission.WWF IntercontinentalKen Shamrock
68%
His battles with the Nature Boy in the NWA in the 80's are the stuff of legends, and his show-stealing performance at WrestleMania III against the Macho One set the bar for the annual extravaganza.NWA World HeavyweightRicky "The Dragon" Steamboat
66%
From the Isle of Tonga, this man has a reputation as being among the very toughest inside and out of the ring, whether that's with the Colossal Connection in WWF or the Faces of Fear in WCW.WWF Tag Team ChampionshipHaku
57%
Before there was Jesse Ventura or Hulk Hogan, this smooth talking, blonde Adonis hit the rings in tie-dyed tights and bandannas.WWWF World Heavyweight"Superstar" Billy Graham
51%

Score Distribution

Percentile by Number Answered

Percent of People with Each Score

Your Score History

You have not taken this quiz